| 000 | 00631nam a2200193 a 4500 | ||
|---|---|---|---|
| 001 | 3481 | ||
| 003 | CO-ViMGA | ||
| 008 | 141112s2004 ck r 000 u spa d | ||
| 040 |
_aCO-ViMGA _bspa _cCO-ViMGA |
||
| 082 | 0 | 4 | _a907 C154 |
| 100 | 1 |
_aCamilloni, Alicia _953265 |
|
| 245 | 1 | 0 |
_aPensar, descubrir y aprender : _bpropuesta didáctica y actividades para las ciencias sociales / _cCamilloni Alicia , Levinas Marcelo Leonardo |
| 250 | _a5a | ||
| 260 |
_aBuenos Aires : _bAique didáctica, _c1995 |
||
| 300 | _a245 p | ||
| 650 | 1 | 4 | _aCIENCIAS SOCIALES - ENSEÑANZA |
| 650 | 1 | 4 |
_aLevinas, Marcelo Leonardo _953267 |
| 942 |
_2ddc _cBK |
||
| 999 |
_c15526 _d15526 |
||